000 00854nam a22002777a 4500
003 CHAP
005 20220817041402.0
008 971013c19641952 r 00010 d
010 _a12904
011 _a13876
035 _a17948
040 _cCHAP
082 _a338.1
_bH43
100 0 0 _aHeady, Earl Orel.
_953236
245 _aEconomics of agricultural production and resource use
260 _aEnglewood Cliffs :
_bPrentice Hall,
_c1964 (c.1952)
300 _a850 p.
590 _aBATCH-UPD
_b10
_c20130110
_lUCH01
_h1929
590 _aBATCH-UPD
_b10
_c20130410
_lUCH01
_h1253
590 _aBATCH-UPD
_b10
_c20130914
_lUCH01
_h2109
590 _aCONVERSION
_b10
_c20130109
_lUCH01
_h1308
650 1 4 _aAgricultura
_xAspectos económicos.
901 _aBK
942 _cLIBRO
949 _a338.1 H43
_bBC
_cLIBRO
_d33724000343539
_eLIBRO
_fc.2
_h5305
_i17948
_si
999 _c12904
_d12904